Nonlinear image processing /

This state-of-the-art book deals with the most important aspects of non-linear imaging challenges. The need for engineering and mathematical methods is essential for defining non-linear effects involved in such areas as computer vision, optical imaging, computer pattern recognition, and industrial a...

Full description

Bibliographic Details
Other Authors: Mitra, Sanjit Kumar, Sicuranza, Giovanni L.
Format: eBook
Language:English
Published: San Diego, CA : Academic Press, [2001]
Series:Academic Press series in communications, networking and multimedia.
Subjects:
Online Access:Connect to the full text of this electronic book
Publisher description
Table of contents

MARC

Tag First Indicator Second Indicator Subfields
LEADER 00000cam a2200000Ia 4500
001 in00002425463
005 20190327171551.0
006 m d
007 cr cn|||||||||
008 070806s2001 caua sb 001 0 eng d
020 |a 9780125004510 
020 |a 0125004516 
035 |a (OCoLC)ocn162575610 
035 |a (OCoLC)162575610 
037 |a 89045:89045  |b Elsevier Science & Technology  |n http://www.sciencedirect.com 
040 |a OPELS  |c OPELS  |d UtOrBLW 
049 |a TEFA 
050 1 4 |a TA1632  |b .N633 2001eb 
082 0 4 |a 621.36/7  |2 22 
245 0 0 |a Nonlinear image processing /  |c editors, Sanjit K. Mitra, Giovanni L. Sicuranza. 
264 1 |a San Diego, CA :  |b Academic Press,  |c [2001] 
264 4 |c ©2001 
300 |a xv, 455 pages :  |b illustrations ;  |c 26 cm. 
336 |a text  |b txt  |2 rdacontent 
337 |a computer  |b c  |2 rdamedia 
338 |a online resource  |b cr  |2 rdacarrier 
490 1 |a Academic Press series in communications, networking and multimedia 
533 |a Electronic reproduction.  |b Amsterdam :  |c Elsevier Science & Technology,  |d 2007.  |n Mode of access: World Wide Web.  |n System requirements: Web browser.  |n Title from title screen (viewed on Aug. 2, 2007).  |n Access may be restricted to users at subscribing institutions. 
520 |a This state-of-the-art book deals with the most important aspects of non-linear imaging challenges. The need for engineering and mathematical methods is essential for defining non-linear effects involved in such areas as computer vision, optical imaging, computer pattern recognition, and industrial automation challenges. * Presents the latest developments in a variety of filter design techniques and algorithms * Contains essential information for development of Human Vision Systems (HVS) * Provides foundations for digital imaging and image capture technology. 
505 0 |a 1. "Analysis and Optimization of Weighted Order Statistics and Stack Filters" -- S. Siren, P. Kuosmainen, K. Egiazarian, M. Gabbouj and J. Astola -- 2. "Image Enhancement and Analysis with Weighted Medians" -- G. Arce and J. L. Paredes -- 3. "Spatial-Rank Order Selection Filters" -- R. Hardie and K. Barner -- 4. "Signal-Dependent Rank-Ordered Mean (SD-ROM) Filter" -- E. Abreu -- 5. "Nonlinear Mean Filters and Their Applications in Image Filtering and Edge Detection" -- M. Pappas and I. Pitas -- 6. "Two-Dimensional Teager Filters" -- S. Thurnhofer -- 7. "Polynomial and Rational Operators for Image Processing and Analysis" -- G. Ramponi -- 8. "Nonlinear Partial Differential Equations in Image Processing" -- G. Sapiro -- 9. "Region-Based Filtering of Images and Video Sequences: a Morphological Viewpoint" -- P. Salembier -- 10. "Differential Morphology" -- P. Maragos -- 11. "Coordinate Logic Filters" -- B.G. Mertzios and K. Tsirikolias -- 12. "Nonlinear Filters Based on Fuzzy Models" -- F. Russo -- 13. "Digital Halftoning" -- G. Arce and D. Lau -- 14. "Intrinsic Dimensionality: Nonlinear Image Operators and Higher Order Statistics" -- C. Zetzsche and G. Krieger. 
504 |a Includes bibliographical references and index. 
505 0 0 |t Analysis and optimization of weighted order statistic and stack filters /  |r S. Paltmen...[et al.] --  |t Image enhancement and analysis with weighted medians /  |r G. Arce and J. Paredes --  |t Spatial-rank order selection filters /  |r K. Barner and R. Hardie --  |t Signal-dependent rank-ordered-mean (SD-ROM) filter /  |r E. Aloreu --  |t Nonlinear mean filters and their applications in image filtering and edge detection /  |r C. Kotropoulos, M. Pappas, and I. Pitas --  |t Two-dimensional teager filters /  |r S. Thurnhofer --  |t Polynomial and rational operators for image processing and analysis /  |r G. Ramponi --  |t Nonlinear partial differential equations in image processing /  |r G. Sapiro --  |t Region-based filtering of images and video sequences : a morphological viewpoint /  |r P. Salembeer --  |t Differential morphology /  |r P. Maragos --  |t Coordinate logic filters : theory and applications in image analysis /  |r B. Mertzios and K. Tsirikolias --  |t Nonlinear filters based on fuzzy models /  |r T. Russo --  |t Digital halftoning /  |r D. Lau and G. Arce --  |t Intrinsic dimensionality : nonlinear image operators and higher-order statistics /  |r C. Zetzsche and G. Krieger. 
500 |a Electronic resource. 
650 0 |a Image processing  |x Digital techniques. 
650 0 |a Digital filters (Mathematics) 
650 6 |a Traitement d'images  |x Techniques numériques  |x Mathématiques. 
650 6 |a Théories non linéaires. 
650 6 |a Filtres numériques (Mathématiques) 
650 7 |a Computação gráfica.  |2 larpcal 
655 7 |a Electronic books.  |2 local 
700 1 |a Mitra, Sanjit Kumar. 
700 1 |a Sicuranza, Giovanni L. 
730 0 |a Referex. 
776 1 |c Original  |z 0125004516  |z 9780125004510  |w (DLC) 00104376  |w (OCoLC)44786690 
830 0 |a Academic Press series in communications, networking and multimedia. 
856 4 0 |u http://proxy.library.tamu.edu/login?url=http://www.sciencedirect.com/science/book/9780125004510  |z Connect to the full text of this electronic book  |t 0 
856 4 2 |3 Publisher description  |u http://www.loc.gov/catdir/description/els031/00104376.html  |t 0 
856 4 2 |3 Table of contents  |u http://www.loc.gov/catdir/toc/els031/00104376.html  |t 0 
994 |a C0  |b TEF 
999 |a MARS 
999 f f |s 0180179e-8316-3568-bc7a-abc2b4c32804  |i 15dc2ad3-e9d2-308a-84bf-8cd7aa0f1676  |t 0 
952 f f |a Texas A&M University  |b College Station  |c Electronic Resources  |d Available Online  |t 0  |e TA1632 .N633 2001eb  |h Library of Congress classification 
998 f f |a TA1632 .N633 2001eb  |t 0  |l Available Online